Statystyki dla 4 podobne flagi - 4 różne państwa #2

Kliknij tutaj aby rozwiązać quiz!

Ogólne statystyki

  • Ten quiz został rozwiązany 17 258 razy
  • Średni wynik to 12 z 16

Statystyki odpowiedzi

Odpowiedź% Poprawnych
Polska
99%
Austria
98%
Monako
95%
Indonezja
93%
Egipt
87%
Litwa
87%
Irak
78%
Syria
76%
Ghana
71%
Etiopia
70%
Zjednoczone Emiraty Arabskie
65%
Jemen
59%
Jordania
56%
Boliwia
55%
Kuwejt
55%
Sudan
43%

Rozkład punktacji

Percentyl według liczby udzielonych odpowiedzi

Procent ludzi z każdym wynikiem

Twoja historia wyników

Nie rozwiązałeś tego quizu